Asian-American literature : (Record no. 26009)
[ view plain ]
| 000 -LEADER | |
|---|---|
| fixed length control field | 00447nam a22001457a 4500 |
| 005 - DATE AND TIME OF LATEST TRANSACTION | |
| control field | 20140310183649.0 |
| 008 - FIXED-LENGTH DATA ELEMENTS--GENERAL INFORMATION | |
| fixed length control field | 140109b xxu||||| |||| 00| 0 eng d |
| 020 ## - INTERNATIONAL STANDARD BOOK NUMBER | |
| International Standard Book Number | 0844217298 |
| 050 ## - LIBRARY OF CONGRESS CALL NUMBER | |
| Classification number | PS 508.A8 |
| Item number | .As83 2000 |
| 245 ## - TITLE STATEMENT | |
| Title | Asian-American literature : |
| Remainder of title | an anthology / |
| Statement of responsibility, etc | compiled by Shirley Goek-lin Lim. |
| 260 ## - PUBLICATION, DISTRIBUTION, ETC. (IMPRINT) | |
| Place of publication, distribution, etc | Lincolnwood, Ill. : |
| Name of publisher, distributor, etc | NTC Pub. Group, |
| Date of publication, distribution, etc | 2000. |
| 300 ## - PHYSICAL DESCRIPTION | |
| Extent | xxii, 563 p. : |
| Dimensions | 23 cm. |
| 942 ## - ADDED ENTRY ELEMENTS (KOHA) | |
| Source of classification or shelving scheme | Library of Congress Classification |
| Koha item type | Books |
| Call number prefix | Foreign |
| Withdrawn status | Lost status | Source of classification or shelving scheme | Damaged status | Home library | Current library | Shelving location | Date acquired | Total Checkouts | Full call number | Barcode | Date last seen | Date checked out | Copy number | Price effective from | Koha item type |
|---|---|---|---|---|---|---|---|---|---|---|---|---|---|---|---|
| Library of Congress Classification | College Library | College Library | General Circulation Section | 01/09/2014 | 1 | PS 508.A8 .As83 2000 | C2319 | 05/15/2018 | 10/27/2017 | 1 | 01/09/2014 | Books |